Представление документа в формате RUSMARC

ПолеНазваниеЗначение
  Тип записи a
  Библиографический уровень m
001 Контрольный номер RU/УОНБ/EK/555250785
005 Дата корректировки 20240131001000.5
010 Индекс ISBN __
d Цена 30 к.
9 Тираж 7000 экз.
100 Данные общей обработки __
a Данные общей обработки 20170805d1979 u y0rusy0189||||ca
101 Язык документа 0_
a Язык текста rus
102 Страна публикации __
a Страна публикации RU
105 Кодированные данные (монография) __
a Кодированные данные (монография) a z 001yy
200 Заглавие и сведения об ответственности 1_
a Заглавие Повышение проходимости сельскохозяйственных машин
f Первые сведения об ответственности Н.А. Алексейчик, Ю.В. Будько, Б.А. Терехов
210 Выходные данные 1_
a Место издания Минск
c Издательство Ураджай
d Дата издания 1979
215 Физическое описание __
a Объем 135 с.
c Иллюстрации/тип воспроизводства ил.
d Формат 20 см
320 Библиография __
a Библиография Библиогр.: с. 134
606 Тематические рубрики 0_
a Основная рубрика Сельскохозяйственные машины и орудия
x Основная подрубрика Проходимость
610 Ключевые слова 0_
a Ключевые слова сельскохозяйственные машины и орудия
686 Индексы других классификаций __
a Классификационный индекс 40.72-082
2 Код системы rubbk
700 Автор _1
a Фамилия Алексейчик
b Имя (инициалы) Н.А.
g Полное личное имя Николай Андреевич
701 Альтернативная интеллектуальная ответственность _1
a Фамилия Будько
b Имя (инициалы) Ю.В.
701 Альтернативная интеллектуальная ответственность _1
a Фамилия Терехов
b Имя (инициалы) Б.А.
801 Источник записи _0
a Страна RU
b Организация Ульяновская ОНБ
c Дата составления 20170805
g Правила каталогизации RCR
801 Источник записи _1
a Страна RU
b Организация Ульяновская ОНБ
c Дата составления 20170805
g Правила каталогизации RCR
901 Тип документа __
t Тип документа m
909 Создатель записи __
a Создатель записи Романова
938 Служебная информация __
a Имя БД retro
b Имя библиотеки УОНБ
c Имя АИБС МАРК-SQL
d Номер DOC_ID в БД 223817